[Event "Fide Rapid Grand Prix Russia"]
[Site "Kirov RUS"]
[Date "2012.12.23"]
[EventDate "2012.12.23"]
[Round "2.1"]
[Result "1-0"]
[White "Vladislav Artemiev"]
[Black "Dmitry Andreikin"]
[WhiteElo "2474"]
[BlackElo "2723"]
[PlyCount "117"]

1. b3 Nf6 2. Bb2 g6 3. Bxf6 exf6 4. c4 f5 5. Nc3 Bg7 6. Rc1
Nc6 7. g3 h5 8. h4 O-O 9. Bg2 Ne5 10. Nh3 c6 11. O-O d6 12. d4
Ng4 13. e3 Re8 14. b4 a6 15. a4 Bd7 16. Re1 Bf6 17. a5 Rc8
18. Na4 Rc7 19. Nb6 g5 20. hxg5 Bxg5 21. Nxg5 Qxg5 22. Qf3 Rd8
23. Qf4 Qxf4 24. exf4 Kf8 25. f3 Nh6 26. Kf2 Be8 27. Bf1 Ng8
28. Bd3 Ne7 29. Rh1 d5 30. Rxh5 dxc4 31. Bxf5 Rxd4 32. Na8 Bd7
33. Nxc7 Nxf5 34. g4 Nd6 35. Ke3 Rd3+ 36. Ke2 Rb3 37. Rd1 Rb2+
38. Ke3 Rb3+ 39. Kf2 c3 40. Rhh1 c2 41. Rc1 Rc3 42. Rhe1 Nc4
43. Re2 Na3 44. Re3 Rxe3 45. Kxe3 Ke7 46. Na8 Be6 47. Nb6 Bb3
48. Kd3 Kd6 49. Kc3 Bd5 50. Kb2 Nb5 51. Nxd5 Kxd5 52. Rxc2 Nd4
53. Rc5+ Kd6 54. Rc3 Kd5 55. f5 Ke5 56. Re3+ Kd5 57. Kc3 c5
58. bxc5 Nc6 59. g5 1-0

[Event "Fide Rapid Grand Prix Russia"]
[Site "Kirov RUS"]
[Date "2012.12.23"]
[EventDate "2012.12.23"]
[Round "2.2"]
[Result "1/2-1/2"]
[White "Dmitry Andreikin"]
[Black "Vladislav Artemiev"]
[WhiteElo "2723"]
[BlackElo "2474"]
[PlyCount "58"]

1. e4 c5 2. Nc3 a6 3. g3 b5 4. Bg2 Bb7 5. d3 e6 6. f4 d5 7. e5
Ne7 8. Nf3 Nf5 9. O-O h5 10. Qe1 Nc6 11. Nd1 Nb4 12. Qe2 d4
13. Ng5 Bxg2 14. Qxg2 Be7 15. Ne4 Rc8 16. a4 c4 17. axb5 cxd3
18. cxd3 axb5 19. Bd2 Nd5 20. Kh1 Rc2 21. Qf3 g6 22. Rc1 Rxc1
23. Bxc1 Kd7 24. Bd2 Qa8 25. h3 h4 26. g4 Ng3+ 27. Nxg3 hxg3
28. Kg2 Bb4 29. Bc1 Qc6 1/2-1/2

[Event "Tal Memorial"]
[Site "Moscow RUS"]
[Date "2013.06.14"]
[EventDate "2013.06.13"]
[Round "2"]
[Result "1/2-1/2"]
[White "Dmitry Andreikin"]
[Black "Viswanathan Anand"]
[WhiteElo "2713"]
[BlackElo "2786"]
[PlyCount "67"]

1. d4 Nf6 2. c4 e6 3. Nf3 d5 4. Nc3 c6 5. Qd3 dxc4 6. Qxc4 b5
7. Qd3 Bb7 8. e4 b4 9. Na4 Qa5 10. b3 c5 11. Ne5 cxd4 12. Qb5+
Qxb5 13. Bxb5+ Ke7 14. Nc5 Bxe4 15. Bb2 Bxg2 16. Rg1 Bc6
17. Bxc6 Nxc6 18. Nxc6+ Kd6 19. Rc1 Kxc6 20. Nxe6+ Kd7
21. Nxf8+ Rhxf8 22. Bxd4 Rac8 23. Rxc8 Rxc8 24. Rxg7 Ke6
25. Bxf6 Kxf6 26. Rxh7 Kg6 27. Rh4 Rc2 28. Rxb4 Rxa2 29. Kf1
Ra3 30. Ke2 a5 31. Rb6+ f6 32. Rb5 a4 33. bxa4 Rxa4 34. Kf3
1/2-1/2

[Event "Tal Memorial"]
[Site "Moscow RUS"]
[Date "2013.06.15"]
[EventDate "2013.06.13"]
[Round "3"]
[Result "1/2-1/2"]
[White "Boris Gelfand"]
[Black "Dmitry Andreikin"]
[WhiteElo "2755"]
[BlackElo "2713"]
[PlyCount "45"]

1. d4 e6 2. c4 Bb4+ 3. Nd2 c5 4. a3 Bxd2+ 5. Qxd2 cxd4 6. Nf3
Nf6 7. Nxd4 O-O 8. e3 d5 9. cxd5 Qxd5 10. Nb5 Qc6 11. f3 e5
12. e4 a6 13. Nc3 Be6 14. Qf2 Bb3 15. Be2 Qe6 16. O-O Nc6
17. Be3 Rfd8 18. Bd1 h6 19. Rc1 Rd3 20. Be2 Rd7 21. Bd1 Rd3
22. Be2 Rd7 23. Bd1 1/2-1/2

[Event "Universiade"]
[Site "Kazan RUS"]
[Date "2013.07.09"]
[EventDate "2013.07.09"]
[Round "1.1"]
[Result "0-1"]
[White "Vinicius Tine Martins"]
[Black "Dmitry Andreikin"]
[WhiteElo "2391"]
[BlackElo "2727"]
[PlyCount "124"]

1. Nf3 c5 2. c4 Nf6 3. g3 Nc6 4. d4 cxd4 5. Nxd4 Qb6 6. Nb3
Ne5 7. N1d2 Qc6 8. Nf3 Nxc4 9. Bg2 e6 10. O-O d5 11. Nbd4 Qb6
12. b3 Nd6 13. Be3 Qd8 14. Qd3 Be7 15. Rfc1 O-O 16. a4 a6
17. Rc2 Bd7 18. Ne5 Nde4 19. Rac1 Ba3 20. Nxd7 Qxd7 21. Rc7
Qe8 22. R1c2 Rb8 23. f3 Nd6 24. Bg5 Nd7 25. e4 dxe4 26. fxe4
Rc8 27. Rxc8 Nxc8 28. e5 h6 29. Bd2 Bc5 30. b4 Nxe5 31. Qe4
Bxd4+ 32. Qxd4 Qxa4 33. Rc1 Nc6 34. Bxc6 bxc6 35. Bxh6 gxh6
36. Qg4+ Kh8 37. Qh4 Ne7 38. Qxe7 Kg7 39. Qd6 Qb5 40. Rxc6 Rd8
41. Qxd8 Qxc6 42. Qd4+ Kg8 43. Qd8+ Kh7 44. Qd3+ f5 45. Qd4
Kg6 46. Qe3 Qd6 47. Qc3 e5 48. Kg2 Qd5+ 49. Kh3 Qe6 50. Kg2 e4
51. Qe3 Qd6 52. Qc3 Qe6 53. Qe3 Qe7 54. Qb6+ Qf6 55. Qc5 Qb2+
56. Kh3 Qe2 57. Qc6+ Kg5 58. Qc1+ e3 59. Qa1 Kh5 60. Qb1 Qf2
61. Qd3 e2 62. b5 Qf1# 0-1

[Event "Universiade"]
[Site "Kazan RUS"]
[Date "2013.07.10"]
[EventDate "2013.07.09"]
[Round "2.1"]
[Result "1/2-1/2"]
[White "Dmitry Andreikin"]
[Black "Tsegmed Batchuluun"]
[WhiteElo "2727"]
[BlackElo "2517"]
[PlyCount "139"]

1. Nf3 Nf6 2. c4 e6 3. g3 d5 4. Bg2 Be7 5. O-O O-O 6. d4 dxc4
7. Ne5 Nc6 8. Bxc6 bxc6 9. Nxc6 Qe8 10. Nxe7+ Qxe7 11. Qc2 e5
12. Rd1 exd4 13. Rxd4 Be6 14. Nc3 Rfd8 15. Rxd8+ Rxd8 16. Bg5
h6 17. Bxf6 Qxf6 18. Rd1 Rd6 19. Rxd6 cxd6 20. Qd2 Qe5 21. f3
Qc5+ 22. e3 Qf5 23. Kf2 Qh3 24. Ke1 d5 25. Qf2 h5 26. e4 dxe4
27. fxe4 a5 28. Kd2 Qg4 29. Qf4 Qh3 30. Qf2 Qg4 31. h4 Qh3
32. Ke3 g5 33. Kd4 gxh4 34. gxh4 Qd3+ 35. Kc5 Kf8 36. Qf4 Qc2
37. Qf6 Kg8 38. Qg5+ Kf8 39. Qxh5 Qf2+ 40. Kc6 Qxb2 41. Qxa5
Qd2 42. Qe5 Qd7+ 43. Kc5 Qa7+ 44. Kb4 Kg8 45. a4 Qb7+ 46. Nb5
Qe7+ 47. Nd6 Qxh4 48. a5 Qe1+ 49. Qc3 Qb1+ 50. Ka3 Kf8 51. Nf5
Bxf5 52. exf5 Qxf5 53. a6 Ke8 54. Qxc4 Kd8 55. Kb4 Qb1+
56. Ka5 Qe1+ 57. Kb6 Qb1+ 58. Ka7 Qg1+ 59. Kb7 Qb1+ 60. Kc6
Qg6+ 61. Kc5 Qf5+ 62. Kb4 Qb1+ 63. Ka5 Qa1+ 64. Kb6 Qb1+
65. Kc5 Qf5+ 66. Qd5+ Qxd5+ 67. Kxd5 Kc7 68. Ke5 Kb6 69. Kf6
Kxa6 70. Kxf7 1/2-1/2

[Event "Universiade"]
[Site "Kazan RUS"]
[Date "2013.07.10"]
[EventDate "2013.07.09"]
[Round "3.7"]
[Result "1/2-1/2"]
[White "Bayarsaikhan Gundavaa"]
[Black "Dmitry Andreikin"]
[WhiteElo "2516"]
[BlackElo "2727"]
[PlyCount "35"]

1. d4 e6 2. c4 Bb4+ 3. Nc3 d5 4. cxd5 exd5 5. Bf4 c5 6. e3 c4
7. Bxb8 Bxc3+ 8. bxc3 Rxb8 9. Qa4+ b5 10. Qxa7 Qd6 11. a3 Ne7
12. Nf3 O-O 13. Qc5 Qxc5 14. dxc5 Ra8 15. Nd4 Bd7 16. Be2 Rfc8
17. Kd2 Rxc5 18. Rhb1 1/2-1/2

[Event "Universiade"]
[Site "Kazan RUS"]
[Date "2013.07.11"]
[EventDate "2013.07.09"]
[Round "4.8"]
[Result "1/2-1/2"]
[White "Dmitry Andreikin"]
[Black "Federico Perez Ponsa"]
[WhiteElo "2727"]
[BlackElo "2488"]
[PlyCount "164"]

1. c4 Nf6 2. Nc3 g6 3. g3 Bg7 4. Bg2 O-O 5. Nf3 c6 6. d4 d5
7. Qb3 Qb6 8. O-O Nbd7 9. Rd1 e6 10. Bf4 Qa6 11. Nd2 Nh5
12. Bd6 Re8 13. e3 Qb6 14. Rac1 Qxb3 15. axb3 Bf8 16. Bxf8
Kxf8 17. e4 dxe4 18. Ndxe4 Nhf6 19. Nd6 Rd8 20. c5 Ne8 21. Nc4
Ndf6 22. h4 Rb8 23. Ra1 a6 24. Bf3 h5 25. Rd2 Nc7 26. Kf1 Ke7
27. Ke1 Bd7 28. Kd1 Rh8 29. b4 Rbd8 30. Kc2 Rb8 31. Kb3 Rhg8
32. Ka4 Rgd8 33. Kb3 Rg8 34. Re1 Kf8 35. Ka4 Ke7 36. Kb3 Kd8
37. Nd6 Rf8 38. Na4 Nce8 39. Nc4 Kc7 40. Nab6 Rd8 41. Ne5 Bc8
42. Nbc4 Ng8 43. Bd1 Ne7 44. Bc2 Bd7 45. Re3 Nf5 46. Rf3 Bc8
47. Kc3 Bd7 48. Nd3 Nf6 49. Nf4 Bc8 50. Ne5 Rde8 51. Kc4 Re7
52. Ra3 Rd8 53. Ra1 Nd5 54. Nf3 Nxf4 55. gxf4 Nh6 56. Re1 Ng8
57. Ng5 Nh6 58. Kc3 Red7 59. Nf3 Ng8 60. Ne5 Re7 61. Be4 Nf6
62. Nc4 Rdd7 63. Nb6 Rd8 64. Bf3 Ree8 65. Rde2 Bd7 66. Re5 Bc8
67. Na8+ Kb8 68. Nb6 Kc7 69. Nc4 Rf8 70. Nd6 Bd7 71. Ra1 Ne8
72. Nxe8+ Rdxe8 73. Rae1 Kd8 74. Kd3 Rh8 75. Rg5 Re7 76. Kc3
Bc8 77. Bd1 Bd7 78. Bb3 Bc8 79. Rge5 Ree8 80. Bc2 Bd7 81. Kd3
Bc8 82. Bd1 Bd7 1/2-1/2

[Event "Universiade"]
[Site "Kazan RUS"]
[Date "2013.07.12"]
[EventDate "2013.07.09"]
[Round "5.8"]
[Result "1-0"]
[White "Dmitry Andreikin"]
[Black "Alexandru-Ovidiu Stanciu"]
[WhiteElo "2727"]
[BlackElo "2346"]
[PlyCount "65"]

1. e4 c5 2. Nf3 Nc6 3. Bb5 Nf6 4. e5 Nd5 5. O-O g6 6. c3 Nc7
7. Ba4 b5 8. Bc2 Bg7 9. d4 cxd4 10. cxd4 O-O 11. Nbd2 d6
12. Be4 d5 13. Bd3 f6 14. exf6 Bxf6 15. Nb3 Bg7 16. Be3 Qd6
17. Rc1 a5 18. a3 a4 19. Qc2 Bd7 20. Nc5 Be8 21. Be2 Rb8
22. Qd2 Ne6 23. Nxe6 Qxe6 24. Rc5 b4 25. Rfc1 Kh8 26. axb4
Nxb4 27. Bf4 Rb6 28. h4 Nc6 29. Bb5 Qg4 30. Bxc6 Bxc6 31. Bc7
Rxf3 32. Bxb6 Bd7 33. Rxd5 1-0

[Event "Universiade"]
[Site "Kazan RUS"]
[Date "2013.07.12"]
[EventDate "2013.07.09"]
[Round "6.5"]
[Result "1-0"]
[White "Bassem Amin"]
[Black "Dmitry Andreikin"]
[WhiteElo "2650"]
[BlackElo "2727"]
[PlyCount "169"]

1. e4 c5 2. Nf3 e6 3. d3 Nc6 4. g3 d5 5. Nbd2 g6 6. Bg2 Bg7
7. O-O Nge7 8. Re1 O-O 9. h4 e5 10. exd5 Nxd5 11. c3 h6
12. Qb3 Nde7 13. Nc4 Be6 14. Qxb7 Rb8 15. Qa6 Qxd3 16. Nfd2 f5
17. Bf1 Qd5 18. Ne3 Qd8 19. Nb3 f4 20. Bc4 Bxc4 21. Qxc4+ Kh8
22. Nf1 Qc8 23. Qe4 Nf5 24. Nxc5 fxg3 25. Nxg3 Nd8 26. b4 Nf7
27. Be3 N7d6 28. Qg4 Nxg3 29. Qxc8 Rbxc8 30. fxg3 e4 31. Rac1
Rf3 32. Bf4 Nf5 33. Nxe4 Nxh4 34. Rf1 Rxf1+ 35. Kxf1 g5
36. Be3 Nf5 37. Bxa7 Rc4 38. g4 Ne7 39. Nf2 Nd5 40. b5 Kg8
41. b6 Bd4 42. Rd1 Nxc3 43. Rxd4 Rxd4 44. b7 Rb4 45. b8=Q+
Rxb8 46. Bxb8 Nxa2 47. Ke2 Kf7 48. Ne4 Nb4 49. Be5 Nd5 50. Kf3
Kg6 51. Ng3 Ne7 52. Ke4 Nc6 53. Bd6 Na5 54. Kd5 Nb3 55. Bb4
Nc1 56. Kc4 Ne2 57. Nxe2 h5 58. gxh5+ Kxh5 59. Kd5 g4 60. Ng3+
Kg5 61. Ke5 Kg6 62. Kf4 Kf6 63. Kxg4 Ke6 64. Kf4 Kd5 65. Nf5
Kc4 66. Bd6 Kd5 67. Be5 Kc4 68. Ke4 Kc5 69. Ne7 Kb6 70. Kd5
Ka6 71. Kc6 Ka5 72. Nd5 Ka6 73. Nb6 Ka7 74. Bd6 Ka6 75. Bb8
Ka5 76. Nd5 Ka4 77. Kc5 Kb3 78. Nb4 Kc3 79. Bf4 Kb3 80. Bd2
Ka3 81. Kc4 Kb2 82. Be3 Ka3 83. Nd3 Ka4 84. Bd2 Ka3 85. Bb4+
1-0

[Event "Universiade"]
[Site "Kazan RUS"]
[Date "2013.07.14"]
[EventDate "2013.07.09"]
[Round "7.11"]
[Result "1-0"]
[White "Dmitry Andreikin"]
[Black "Tamas Petenyi"]
[WhiteElo "2727"]
[BlackElo "2480"]
[PlyCount "75"]

1. e4 e5 2. Nf3 Nc6 3. Bb5 a6 4. Ba4 Nf6 5. O-O Be7 6. Bxc6
dxc6 7. d3 Nd7 8. Nbd2 O-O 9. Nc4 Bd6 10. b3 c5 11. Bb2 Re8
12. h3 f6 13. Nh4 Nf8 14. Nf5 Be6 15. h4 b5 16. Nce3 g6
17. Qg4 Kh8 18. Nxd6 cxd6 19. Qg3 g5 20. hxg5 fxg5 21. b4 Ng6
22. bxc5 Nf4 23. Rfe1 Qf6 24. cxd6 h5 25. Nd5 Bxd5 26. exd5
Rad8 27. Rxe5 Rxe5 28. Qe3 Ng6 29. Re1 Rxe3 30. Bxf6+ Kg8
31. fxe3 Rxd6 32. Bxg5 Rxd5 33. Bf6 b4 34. Rb1 a5 35. a3 bxa3
36. Ra1 Rf5 37. Bc3 Nh4 38. Be1 1-0

[Event "Universiade"]
[Site "Kazan RUS"]
[Date "2013.07.14"]
[EventDate "2013.07.09"]
[Round "8.6"]
[Result "1/2-1/2"]
[White "Tiberiu-Marian Georgescu"]
[Black "Dmitry Andreikin"]
[WhiteElo "2396"]
[BlackElo "2727"]
[PlyCount "34"]

1. d4 Nf6 2. c4 c5 3. d5 g6 4. Nc3 Bg7 5. e4 d6 6. h3 O-O
7. Nf3 e6 8. Bd3 Re8 9. O-O Na6 10. Bg5 h6 11. Be3 Nc7 12. Qd2
Kh7 13. Rfe1 e5 14. a3 Ng8 15. Nh2 b6 16. f4 exf4 17. Bxf4 Be5
1/2-1/2

[Event "Universiade"]
[Site "Kazan RUS"]
[Date "2013.07.15"]
[EventDate "2013.07.09"]
[Round "9.9"]
[Result "1-0"]
[White "Dmitry Andreikin"]
[Black "Marcin Tazbir"]
[WhiteElo "2727"]
[BlackElo "2561"]
[PlyCount "117"]

1. e4 c5 2. Nf3 d6 3. d4 cxd4 4. Nxd4 Nf6 5. f3 e5 6. Nb3 Be7
7. c4 O-O 8. Nc3 a5 9. Be3 a4 10. Nc1 Qa5 11. Qd2 Be6 12. b4
axb3 13. Nxb3 Qd8 14. Be2 Na6 15. O-O Nd7 16. Nb5 Ndc5
17. Rfd1 Qb8 18. Nxc5 dxc5 19. Nc3 Rd8 20. Nd5 Bf8 21. Qb2 Nb4
22. Rdb1 Nc6 23. Qxb7 Nd4 24. Qxb8 Rdxb8 25. Rxb8 Rxb8 26. Bd1
Bc8 27. Ba4 Rb2 28. Bd1 Ba6 29. Bc1 Rb8 30. Ne3 g6 31. Bb3 Kg7
32. Kf2 Bd6 33. Bd2 f5 34. exf5 gxf5 35. Bc3 Kg6 36. Rd1 Bf8
37. g4 fxg4 38. Nxg4 Nxb3 39. Nxe5+ Kh6 40. Nd7 Rd8 41. axb3
Bc8 42. Bd2+ Kh5 43. Nf6+ Kg6 44. Nd5 Bf5 45. Ra1 Bc2 46. Ra6+
Rd6 47. Ra3 Rd7 48. Ra6+ Rd6 49. Ra8 Kf7 50. Ra7+ Ke6 51. b4
Bb3 52. bxc5 Rc6 53. Nf4+ Kf6 54. Bc3+ Kg5 55. Kg3 Bxc4
56. Rxh7 Rh6 57. Rxh6 Bxh6 58. Be5 Kf5 59. Bd6 1-0

[Event "Dortmund Sparkassen"]
[Site "Dortmund GER"]
[Date "2013.07.27"]
[EventDate "2013.07.26"]
[Round "2.4"]
[Result "1-0"]
[White "Michael Adams"]
[Black "Dmitry Andreikin"]
[WhiteElo "2740"]
[BlackElo "2727"]
[PlyCount "128"]

1. e4 e5 2. Nf3 Nc6 3. Bb5 Nf6 4. O-O Nxe4 5. d4 Nd6 6. Bxc6
dxc6 7. dxe5 Nf5 8. Qxd8+ Kxd8 9. h3 Ke8 10. Nc3 h5 11. Bf4
Be7 12. Rad1 Nh4 13. Nxh4 Bxh4 14. Ne2 Bd7 15. Rfe1 Rd8
16. Nd4 Bc8 17. c3 Rd5 18. e6 Bf6 19. exf7+ Kxf7 20. Bxc7 g5
21. Nf3 Rxd1 22. Rxd1 Re8 23. Nd2 b5 24. f3 Bf5 25. Kf2 Re7
26. Bd8 Rd7 27. Bxf6 Bc2 28. Rg1 Rxd2+ 29. Ke3 Rd5 30. Bh8 Kg8
31. c4 bxc4 32. Bc3 Kf7 33. Rc1 Bd3 34. h4 gxh4 35. Rh1 Rg5
36. Kf2 Rd5 37. Rxh4 Ke6 38. Rh2 a5 39. Kg3 a4 40. a3 Rg5+
41. Kh4 Rd5 42. Rh1 Kf7 43. Re1 Bg6 44. Re3 Bd3 45. Be5 Kg6
46. Re1 Bc2 47. Bc3 Kf7 48. Re2 Bd3 49. Re3 Bg6 50. g4 c5
51. Re1 hxg4 52. fxg4 Bc2 53. Rf1+ Ke7 54. Rf4 Bd3 55. Bg7 Ke6
56. Rf6+ Ke7 57. Rb6 Kf7 58. Bc3 Bc2 59. g5 Rd1 60. g6+ Ke7
61. g7 Rg1 62. Rb7+ Ke6 63. Rb8 Bh7 64. Kh3 Kd5 1-0

[Event "Dortmund Sparkassen"]
[Site "Dortmund GER"]
[Date "2013.07.30"]
[EventDate "2013.07.26"]
[Round "5"]
[Result "1-0"]
[White "Dmitry Andreikin"]
[Black "Igor Khenkin"]
[WhiteElo "2727"]
[BlackElo "2605"]
[PlyCount "53"]

1. e4 c6 2. d4 d5 3. e5 c5 4. Nf3 cxd4 5. Qxd4 Nc6 6. Qf4 e6
7. Bd3 Nb4 8. O-O Nxd3 9. cxd3 Ne7 10. Nc3 Ng6 11. Qg3 Be7
12. Ne2 O-O 13. Nf4 Bd7 14. Be3 Rc8 15. a3 a5 16. Rfc1 Rxc1+
17. Rxc1 Qb8 18. h4 Nxe5 19. Nxe5 Qxe5 20. Ng6 Qf6 21. Nxf8
Bxf8 22. Rc7 Bc6 23. Rc8 Qe7 24. b4 axb4 25. axb4 Qxb4 26. Bh6
Kh8 27. Qxg7+ 1-0

[Event "Dortmund Sparkassen"]
[Site "Dortmund GER"]
[Date "2013.08.01"]
[EventDate "2013.07.26"]
[Round "6"]
[Result "1/2-1/2"]
[White "Georg Meier"]
[Black "Dmitry Andreikin"]
[WhiteElo "2610"]
[BlackElo "2727"]
[PlyCount "33"]

1. d4 Nf6 2. c4 e6 3. Nf3 b6 4. g3 Bb7 5. Bg2 Bb4+ 6. Bd2 a5
7. O-O O-O 8. Nc3 d6 9. Qc2 Nbd7 10. Rfd1 Bxc3 11. Bxc3 Be4
12. Qc1 a4 13. Bf1 Bb7 14. Qc2 Be4 15. Qc1 Bb7 16. Qc2 Be4
17. Qc1 1/2-1/2

[Event "Dortmund Sparkassen"]
[Site "Dortmund GER"]
[Date "2013.08.03"]
[EventDate "2013.07.26"]
[Round "8"]
[Result "1/2-1/2"]
[White "Daniel Grigoryevich Fridman"]
[Black "Dmitry Andreikin"]
[WhiteElo "2629"]
[BlackElo "2727"]
[PlyCount "160"]

1. d4 Nf6 2. Nf3 g6 3. c4 Bg7 4. g3 c5 5. Bg2 cxd4 6. Nxd4 Nc6
7. Nc3 O-O 8. O-O Qa5 9. e3 Ne5 10. Nd5 Nxd5 11. cxd5 d6
12. Bd2 Qa6 13. Bc3 Bd7 14. Re1 Rfc8 15. Bf1 Qb6 16. Qb3 Qxb3
17. axb3 Be8 18. Rec1 a6 19. b4 Nd7 20. b5 axb5 21. Rxa8 Rxa8
22. Nxb5 Rc8 23. Ra1 Nb6 24. Bxg7 Kxg7 25. Nc3 Nc4 26. Ra7
Nxb2 27. Rxb7 Rxc3 28. Rxb2 f5 29. h4 Kf6 30. Bg2 h6 31. e4
Rc1+ 32. Kh2 Rd1 33. f4 Bf7 34. Rb5 Rd3 35. Ra5 g5 36. hxg5+
hxg5 37. fxg5+ Kxg5 38. exf5 Kxf5 39. Ra7 Kf6 40. Ra5 Ke5
41. Ra7 Kf6 42. Ra5 Rd2 43. Kg1 Rd1+ 44. Kf2 Rd2+ 45. Kg1 Bg6
46. Bf3 Bb1 47. Ra4 Ke5 48. Ra7 Kf6 49. Ra4 Bf5 50. Ra7 Bc8
51. Ra4 Bf5 52. Ra7 Rb2 53. g4 Bd3 54. g5+ Kxg5 55. Rxe7 Kf4
56. Bg2 Rb1+ 57. Kf2 Rb2+ 58. Kg1 Bf5 59. Re1 Rd2 60. Rf1+ Ke5
61. Re1+ Kd4 62. Re8 Kc5 63. Rf8 Bd7 64. Rd8 Bb5 65. Rc8+ Kd4
66. Rd8 Ke5 67. Rc8 Ra2 68. Rc1 Ba4 69. Rc4 Bc2 70. Rh4 Bd3
71. Rh6 Bf5 72. Rh4 Rd2 73. Bf3 Bd3 74. Bg2 Ba6 75. Re4+ Kf5
76. Re6 Bc4 77. Rxd6 Bxd5 78. Bxd5 Ke5 79. Rd7 Rxd5 80. Rxd5+
Kxd5 1/2-1/2

[Event "Dortmund Sparkassen"]
[Site "Dortmund GER"]
[Date "2013.08.04"]
[EventDate "2013.07.26"]
[Round "9.1"]
[Result "1/2-1/2"]
[White "Dmitry Andreikin"]
[Black "Peter Leko"]
[WhiteElo "2727"]
[BlackElo "2737"]
[PlyCount "73"]

1. d4 Nf6 2. c4 e6 3. Nc3 Bb4 4. e3 O-O 5. Bd3 d5 6. Nf3 c5
7. O-O cxd4 8. exd4 dxc4 9. Bxc4 b6 10. Qe2 Bb7 11. Rd1 Nbd7
12. d5 Bxc3 13. dxe6 Bxf3 14. gxf3 fxe6 15. bxc3 Qc7 16. Bxe6+
Kh8 17. Qc4 Qb7 18. Bd5 Nxd5 19. Qxd5 Qxd5 20. Rxd5 Nc5
21. Be3 Rxf3 22. Re1 Ne6 23. Rd7 Kg8 24. Bxb6 axb6 25. Rxe6
Rxa2 26. Re8+ Rf8 27. Ree7 Rfxf2 28. Rxg7+ Kf8 29. Rxh7 Rg2+
30. Kf1 Kg8 31. Rhe7 Raf2+ 32. Ke1 Rxh2 33. Rd8+ Rf8 34. Rxf8+
Kxf8 35. Re6 Rc2 36. Rxb6 Rxc3 37. Rb2 1/2-1/2

[Event "FIDE Grand Prix Tashkent"]
[Site "Tashkent UZB"]
[Date "2014.10.24"]
[EventDate "2014.10.20"]
[Round "4"]
[Result "1/2-1/2"]
[White "Dmitry Andreikin"]
[Black "Rustam Mashrukovich Kasimdzhanov"]
[WhiteElo "2722"]
[BlackElo "2706"]
[PlyCount "43"]

1. Nf3 d5 2. d4 e6 3. c4 Be7 4. Nc3 Nf6 5. Bg5 h6 6. Bh4 O-O
7. e3 b6 8. Be2 Bb7 9. O-O Nbd7 10. Qc2 dxc4 11. Bxc4 a6
12. Rfd1 Qe8 13. a4 c5 14. d5 exd5 15. Nxd5 Nxd5 16. Bxd5 Bxd5
17. Rxd5 Bxh4 18. Nxh4 Nf6 19. Rd6 Ne4 20. Rd5 Nf6 21. Rd6 Ne4
22. Rd5 1/2-1/2

[Event "FIDE Grand Prix Tashkent"]
[Site "Tashkent UZB"]
[Date "2014.10.26"]
[EventDate "2014.10.20"]
[Round "5"]
[Result "1/2-1/2"]
[White "Teimour Radjabov"]
[Black "Dmitry Andreikin"]
[WhiteElo "2726"]
[BlackElo "2722"]
[PlyCount "71"]

1. e4 e5 2. Nf3 Nc6 3. Bb5 Nf6 4. O-O Nxe4 5. d4 Nd6 6. Bxc6
dxc6 7. dxe5 Nf5 8. Qxd8+ Kxd8 9. h3 Ke8 10. Nc3 h5 11. Bf4
Be7 12. Rad1 Be6 13. Ng5 Rh6 14. Rfe1 Bb4 15. g4 hxg4 16. hxg4
Ne7 17. Nxe6 Rxe6 18. Kg2 Bxc3 19. bxc3 Rd8 20. Rxd8+ Kxd8
21. Rh1 Nd5 22. Rh8+ Kd7 23. Bg3 g5 24. Rg8 Nf4+ 25. Bxf4 gxf4
26. Rg5 Rg6 27. Rh5 Rxg4+ 28. Kf3 Rg1 29. Kxf4 Rf1 30. Ke3 Ra1
31. f4 Rxa2 32. f5 Rxc2 33. Rh7 Ke8 34. Kf4 f6 35. e6 a5
36. Rh8+ 1/2-1/2

[Event "FIDE Grand Prix Tashkent"]
[Site "Tashkent UZB"]
[Date "2014.10.27"]
[EventDate "2014.10.20"]
[Round "6"]
[Result "1-0"]
[White "Dmitry Andreikin"]
[Black "Sergey Karjakin"]
[WhiteElo "2722"]
[BlackElo "2767"]
[PlyCount "67"]

1. d4 Nf6 2. Nf3 e6 3. Bg5 c5 4. Nc3 cxd4 5. Qxd4 Nc6 6. Qh4
Bb4 7. e4 Bxc3+ 8. bxc3 h6 9. Bd3 d6 10. Rd1 Rg8 11. Be3 e5
12. Bb5 Qc7 13. Nd2 Be6 14. f3 Qa5 15. c4 Ke7 16. O-O g5
17. Qf2 Rgd8 18. h4 Nh7 19. hxg5 hxg5 20. g4 f6 21. Kg2 Nf8
22. Rh1 Bf7 23. Nf1 Bg6 24. Bd2 Qb6 25. Ne3 Kf7 26. Qe1 Ne6
27. Nf5 Qc7 28. c5 dxc5 29. Bc4 b5 30. Bd5 Rac8 31. Rh6 Ncd4
32. Ba5 Nxc2 33. Qh1 Qxa5 34. Rh7+ 1-0

[Event "FIDE Grand Prix Tashkent"]
[Site "Tashkent UZB"]
[Date "2014.10.28"]
[EventDate "2014.10.20"]
[Round "7"]
[Result "1/2-1/2"]
[White "Dmitry Jakovenko"]
[Black "Dmitry Andreikin"]
[WhiteElo "2747"]
[BlackElo "2722"]
[PlyCount "62"]

1. d4 d5 2. c4 e6 3. Nf3 Nf6 4. Nc3 Be7 5. Bf4 O-O 6. e3 Nbd7
7. c5 Nh5 8. Bd3 Nxf4 9. exf4 b6 10. b4 a5 11. a3 c6 12. O-O
Qc7 13. g3 Ba6 14. Kg2 Bxd3 15. Qxd3 Ra7 16. Rfc1 Rfa8
17. Rab1 axb4 18. axb4 Ra3 19. Qc2 Bf6 20. Nd1 b5 21. Ne3 g6
22. Qd1 R8a4 23. Nc2 Ra2 24. Ne5 Bg7 25. Ra1 f6 26. Nxd7 Qxd7
27. Rxa2 Rxa2 28. Ra1 Qa7 29. Qe1 Kf7 30. Qc3 Rxa1 31. Nxa1
Qa2 1/2-1/2

[Event "FIDE Grand Prix Tashkent"]
[Site "Tashkent UZB"]
[Date "2014.10.31"]
[EventDate "2014.10.20"]
[Round "9"]
[Result "0-1"]
[White "Baadur Aleksandrovich Jobava"]
[Black "Dmitry Andreikin"]
[WhiteElo "2717"]
[BlackElo "2722"]
[PlyCount "78"]

1. d4 d5 2. Nc3 Bf5 3. Bf4 e6 4. e3 Bd6 5. g4 Bg6 6. Nf3 Nd7
7. Bd3 Bxd3 8. Qxd3 Bxf4 9. exf4 h5 10. gxh5 Rxh5 11. Rg1 Qf6
12. Ne5 c6 13. Na4 Qxf4 14. Nf3 e5 15. Rxg7 O-O-O 16. Qe3 Qf6
17. Rg3 exd4 18. Qxd4 Qxd4 19. Nxd4 Rxh2 20. Nf3 Rh1+ 21. Rg1
Rxg1+ 22. Nxg1 d4 23. b3 Ngf6 24. Nf3 c5 25. Nb2 Kc7 26. a4
Re8+ 27. Kf1 Ne4 28. Nd3 b6 29. a5 Kb7 30. b4 Nc3 31. axb6
axb6 32. bxc5 bxc5 33. Nd2 Re2 34. Nb3 Kb6 35. Ra8 Rxc2
36. Ndxc5 Nxc5 37. Nxd4 Rc1+ 38. Kg2 Nd5 39. Rf8 Ne6 0-1

[Event "World Blitz Championship"]
[Site "Berlin GER"]
[Date "2015.10.13"]
[EventDate "2015.10.13"]
[Round "2.9"]
[Result "1/2-1/2"]
[White "Luka Lenic"]
[Black "Dmitry Andreikin"]
[WhiteElo "2639"]
[BlackElo "2720"]
[PlyCount "91"]

1. d4 d5 2. c4 c6 3. e3 Nf6 4. Nc3 g6 5. Nf3 Bg7 6. Be2 O-O
7. O-O Bg4 8. cxd5 cxd5 9. Qb3 Bc8 10. Bd2 Nc6 11. Rfc1 Rb8
12. a4 Bg4 13. h3 Bxf3 14. Bxf3 e6 15. Qa3 Re8 16. a5 a6
17. Qa4 e5 18. dxe5 Nxe5 19. Be2 Rc8 20. Qb3 Nc4 21. Be1 Nxa5
22. Qb4 d4 23. Qxa5 Qxa5 24. Rxa5 dxc3 25. Rxc3 Ne4 26. Rxc8
Rxc8 27. Bf3 f5 28. Ra1 Bxb2 29. Rb1 Rc1 30. Rxb2 Rxe1+
31. Kh2 b5 32. Bxe4 fxe4 33. Ra2 Rc1 34. Rxa6 b4 35. Rb6 Rc4
36. Rb7 g5 37. Kg3 h5 38. h4 gxh4+ 39. Kxh4 Rc2 40. Kg3 Rc4
41. Kf4 Rc2 42. Kg3 h4+ 43. Kxh4 Rxf2 44. Rxb4 Rxg2 45. Rxe4
Kf7 46. Rf4+ 1/2-1/2

[Event "World Blitz Championship"]
[Site "Berlin GER"]
[Date "2015.10.13"]
[EventDate "2015.10.13"]
[Round "3.17"]
[Result "1-0"]
[White "Dmitry Andreikin"]
[Black "Krishnan Sasikiran"]
[WhiteElo "2720"]
[BlackElo "2639"]
[PlyCount "121"]

1. Nc3 c5 2. Nf3 Nc6 3. d4 cxd4 4. Nxd4 d5 5. e4 dxe4 6. Bb5
Bd7 7. Bxc6 bxc6 8. Nxe4 e5 9. Nb3 Be6 10. Qe2 Nf6 11. O-O
Nxe4 12. Qxe4 Qd5 13. Qe2 Be7 14. Re1 f6 15. Be3 O-O 16. Rad1
Qb5 17. Bc5 Bxc5 18. Qxb5 cxb5 19. Nxc5 Bf5 20. c3 Rfd8
21. Nb7 Rxd1 22. Rxd1 Rb8 23. Na5 Rc8 24. f3 Kf7 25. Nb7 Rb8
26. Nd6+ Kg6 27. Nxf5 Kxf5 28. Rd7 a5 29. Rxg7 Rd8 30. Rxh7
Rd2 31. Ra7 a4 32. c4 Rxb2 33. cxb5 Rxa2 34. b6 Rb2 35. Rxa4
Rxb6 36. h4 Rb2 37. Kh2 Kg6 38. Kh3 f5 39. Ra6+ Kf7 40. g4 Rb3
41. gxf5 Rxf3+ 42. Kg4 Rf1 43. Ra7+ Kf6 44. Ra6+ Kf7 45. Re6
Rg1+ 46. Kh5 Rf1 47. Kg5 Rg1+ 48. Kh6 Rf1 49. Rxe5 Kf6
50. Re6+ Kxf5 51. Rg6 Ra1 52. h5 Ra2 53. Kh7 Ra7+ 54. Rg7 Ra6
55. h6 Ra8 56. Rf7+ Kg5 57. Kg7 Ra6 58. h7 Rg6+ 59. Kf8 Rh6
60. Kg8 Rg6+ 61. Rg7 1-0